000 00534nam a2200217Ia 4500
003 OSt
005 20220924133957.0
006 a|||||r|||| 00| 0
007 ta
008 220923b |||||||| |||| 00| 0 snd d
024 _a271411
037 _cTextual
040 _aARTS
_cARTS
_bsnd
041 _2snd
_asnd
082 _a75:M, 1593F6
100 _aMirza Qalich Beg
_9207768
245 0 _aJawaharul insan
260 _c1926
942 _h75:M, 1593F6
_cTEXL
_2CC
999 _c435905
_d435905